[Event "IBCA Wch U20 blind 5th"]
[Site "Uppsala"]
[Date "2009.06.20"]
[Round "1"]
[White "Devisti Mogouei, Mohammad"]
[Black "Marcin, Stefan"]
[Result "1-0"]
[WhiteElo "1800"]
[BlackElo "1350"]
[PlyCount "95"]
[EventDate "2009.06.20"]
[EventType "swiss"]
[EventRounds "7"]
[EventCountry "SWE"]
[SourceTitle "EXT 2010"]
[Source "ChessBase"]
[SourceDate "2010.11.25"]
[SourceVersion "1"]
[SourceVersionDate "2010.11.25"]
[SourceQuality "1"]

1. d4 d5 2. c4 e6 3. Nc3 a6 4. Bf4 Bd6 5. Bxd6 Qxd6 6. e3 Qb4 7. cxd5 Qxb2 8. Qc1 Qxc1+ 9. Rxc1 Nf6 10. dxe6 Bxe6 11. Nf3 c6 12. Bd3 h6 13. a3 0-0 14. 0-0 Bg4 15. Ne5 Nbd7 16. h3 Be6 17. Nxd7 Bxd7 18. Na4 Rab8 19. Nc5 Bc8 20. Rb1 b5 21. Rfc1 Rb6 22. Ne4 Nxe4 23. Bxe4 Bd7 24. Rc5 Rd8 25. Rbc1 Be8 26. Bxc6 Bxc6 27. Rxc6 Rxc6 28. Rxc6 Ra8 29. Kf1 Ra7 30. Rc8+ Kh7 31. Ke2 Kg6 32. Kd3 Kf6 33. Kc3 Ke6 34. Rc6+ Kd5 35. Rc5+ Kd6 36. Kb4 Rc7 37. Rxc7 Kxc7 38. Ka5 Kb7 39. d5 f5 40. d6 Kc6 41. Kxa6 Kxd6 42. Kxb5 Ke5 43. a4 Ke4 44. a5 Kd3 45. a6 Ke2 46. a7 Kxf2 47. a8Q Kxe3 48. Qf3+ 1-0